UM Logo

An interdependence account of sexism and power : (Record no. 20945)

MARC details
000 -LEADER
fixed length control field 00959nam a22001937a 4500
005 - DATE AND TIME OF LATEST TRANSACTION
control field 20250205182435.0
008 - FIXED-LENGTH DATA ELEMENTS--GENERAL INFORMATION
fixed length control field 240827b ||||| |||| 00| 0 eng d
082 ## - DEWEY DECIMAL CLASSIFICATION NUMBER
Classification number DPer 155.205 J826 July-September 2019 v. 117 n. 1-3
100 ## - MAIN ENTRY--PERSONAL NAME
Personal name Cross, Emily J.
Relator term author.
9 (RLIN) 59121
245 ## - TITLE STATEMENT
Title An interdependence account of sexism and power :
Remainder of title men's hostile sexism, biased perceptions of low power, and relationship aggression /
Statement of responsibility, etc. Emily J. Cross, Nickola C. Overall, Rachel S. T. Low, and James K. McNulty.
260 ## - PUBLICATION, DISTRIBUTION, ETC. (IMPRINT)
Place of publication, distribution, etc. Washington ;
Name of publisher, distributor, etc. American Psychological Association,
Date of publication, distribution, etc. August 2019.
300 ## - PHYSICAL DESCRIPTION
Extent volume 117, pages 338-363,
Other physical details illustration.
500 ## - GENERAL NOTE
General note Journal of Personality and Social Psychology vol. 117, no. 2, pages 338-363, August 2019.
700 ## - ADDED ENTRY--PERSONAL NAME
Personal name Cross, Emily J.
Relator term author.
9 (RLIN) 59121
700 ## - ADDED ENTRY--PERSONAL NAME
Personal name Overall, Nickola C.
Relator term author.
9 (RLIN) 59122
700 ## - ADDED ENTRY--PERSONAL NAME
Personal name Low, Rachel S. T.
Relator term author.
9 (RLIN) 59123
700 ## - ADDED ENTRY--PERSONAL NAME
Personal name McNulty, James K.
Relator term author.
9 (RLIN) 41023
942 ## - ADDED ENTRY ELEMENTS (KOHA)
Source of classification or shelving scheme Dewey Decimal Classification
Koha item type Periodicals
Holdings
Withdrawn status Lost status Source of classification or shelving scheme Damaged status Not for loan Collection code Home library Current library Date acquired Total Checkouts Date last seen Price effective from Koha item type Public note
    Dewey Decimal Classification     Periodicals UM Digos College - LIC UM Digos College - LIC 08/27/2024   08/27/2024 08/27/2024 Periodicals Periodical Article